| 000 | 00489cam a2200181ua 4500 | ||
|---|---|---|---|
| 001 | 10309 | ||
| 008 | 180319n ii |||gr||||Z||||||eng | ||
| 020 | _a9788183335836 | ||
| 040 | _cMAIN | ||
| 082 | _a005.5 | ||
| 100 |
_aJain, Satish, _eAuthor., |
||
| 245 |
_aDTP, web page development and digital photography _cBy Satish Jain |
||
| 250 | _a1st ed. | ||
| 260 |
_aNew Delhi: _bBPB publications, _c2016. |
||
| 300 | _a292p. | ||
| 653 | _aComputer programming, programs & data | ||
| 942 | _cBK | ||
| 999 |
_c9304 _d9304 |
||